000 00625nam a2200181 a 4500
001 000017113
005 20200929165027.0
008 100317s1979 dr r 000 0 spa d
040 _aDO-SdBNP
_bspa
_cBNPHU
082 _axxxx
_bD542l
100 1 _aDíaz D., Belarminio
_937712
245 1 0 _aLatinismos y español dominicano /
_cBelarminio Díaz D.
260 _aSanto Domingo :
_bG. Domínguez,
_c1979.
300 _a84 p. ;
_c21 cm.
500 _aIncluye datos biográficos del autor en la contracubierta
500 _aIncluye referencias bibliográficas y notas al pie de las páginas
504 _aBibliografía : p. 82-84
999 _c16639
_d16639